00908cas a2200229 a 4500008004100000020002200041245015600063260009300219300002400312500002000336650004900356650001800405650002600423650003200449700004100481710003300522710004500555710005100600003000100651005001700652040000900669  a0853692556 (pbk.) 0aBritish national formulary :bnumber 25 /cBritish Medical AssociationPharmaceutical Society of Great Britain [and]Joint Formulary Committee 1992-1993. aLondon :bBritish Medical Association :bPharmaceutical Society of Great Britain,c1993. avii, 662p. c22 cm. aIncludes index. 0aMedicinexFormulae, receipts, prescriptions. 0aPharmacology. 0aDrugszGreat Britain. 2aFormularieszGreat Britain. aJoint Formulary Committee 1992-1993.2 aBritish Medical Association.2 aPharmaceutical Society of Great Britain.2 aRoyal Pharmaceutical Society of Great Britain.20230120204135.0 cNUST